<?xml version="1.0" encoding="UTF-8"?>
<record
    xmlns:xsi="http://www.w3.org/2001/XMLSchema-instance"
    xsi:schemaLocation="http://www.loc.gov/MARC21/slim http://www.loc.gov/standards/marcxml/schema/MARC21slim.xsd"
    xmlns="http://www.loc.gov/MARC21/slim">

  <leader>02727nam2a22003731  4500</leader>
  <controlfield tag="001">rc\3503964</controlfield>
  <controlfield tag="005">20260406113742.0</controlfield>
  <datafield tag="021" ind1=" " ind2=" ">
    <subfield code="a">RU</subfield>
    <subfield code="b">&#x420;&#x433;16213-83</subfield>
  </datafield>
  <datafield tag="021" ind1=" " ind2=" ">
    <subfield code="a">RU</subfield>
    <subfield code="b">83-42681</subfield>
  </datafield>
  <datafield tag="035" ind1=" " ind2=" ">
    <subfield code="a">(NLR Aleph) 007677250</subfield>
  </datafield>
  <datafield tag="090" ind1=" " ind2=" ">
    <subfield code="a">6499301</subfield>
    <subfield code="c">6499301</subfield>
  </datafield>
  <datafield tag="100" ind1=" " ind2=" ">
    <subfield code="a">20130115d1983    |||y0rusy50      ca</subfield>
  </datafield>
  <datafield tag="101" ind1="0" ind2=" ">
    <subfield code="a">rus</subfield>
  </datafield>
  <datafield tag="102" ind1=" " ind2=" ">
    <subfield code="a">RU</subfield>
  </datafield>
  <datafield tag="105" ind1=" " ind2=" ">
    <subfield code="a">a   z   |||||</subfield>
  </datafield>
  <datafield tag="200" ind1="1" ind2=" ">
    <subfield code="a">&#x424;&#x43B;&#x43E;&#x440;&#x430; &#x412;&#x43E;&#x441;&#x442;&#x43E;&#x447;&#x43D;&#x43E;&#x433;&#x43E; &#x425;&#x430;&#x43D;&#x433;&#x430;&#x44F; (&#x41C;&#x41D;&#x420;)</subfield>
    <subfield code="f">[&#x41B;.&#x413;. &#x411;&#x44F;&#x437;&#x440;&#x43E;&#x432;, &#x418;.&#x410;. &#x413;&#x443;&#x431;&#x430;&#x43D;&#x43E;&#x432;, &#x42D;. &#x413;&#x430;&#x43D;&#x431;&#x43E;&#x43B;&#x434; &#x438; &#x434;&#x440;.</subfield>
    <subfield code="g">&#x420;&#x435;&#x434;&#x43A;&#x43E;&#x43B;.: &#x410;.&#x41A;. &#x421;&#x43A;&#x432;&#x43E;&#x440;&#x446;&#x43E;&#x432; (&#x43E;&#x442;&#x432;. &#x440;&#x435;&#x434;.) &#x438; &#x434;&#x440;.]</subfield>
    <subfield code="g">[&#x410;&#x41D; &#x421;&#x421;&#x421;&#x420;, &#x410;&#x43A;&#x430;&#x434;. &#x43D;&#x430;&#x443;&#x43A; &#x41C;&#x41D;&#x420;, &#x421;&#x43E;&#x432;&#x43C;&#x435;&#x441;&#x442;. &#x441;&#x43E;&#x432;.-&#x43C;&#x43E;&#x43D;&#x433;. &#x43A;&#x43E;&#x43C;&#x43F;&#x43B;&#x435;&#x43A;&#x441;. &#x431;&#x438;&#x43E;&#x43B;. &#x44D;&#x43A;&#x441;&#x43F;&#x435;&#x434;&#x438;&#x446;&#x438;&#x44F;</subfield>
    <subfield code="g">&#x420;&#x435;&#x434;&#x43A;&#x43E;&#x43B;.: &#x415;.&#x41C;. &#x41B;&#x430;&#x432;&#x440;&#x435;&#x43D;&#x43A;&#x43E;, &#x412;.&#x415;. &#x421;&#x43E;&#x43A;&#x43E;&#x43B;&#x43E;&#x432; (&#x433;&#x43B;. &#x440;&#x435;&#x434;&#x430;&#x43A;&#x442;&#x43E;&#x440;&#x44B;) &#x438; &#x434;&#x440;.]</subfield>
  </datafield>
  <datafield tag="210" ind1=" " ind2=" ">
    <subfield code="a">&#x41C;&#x43E;&#x441;&#x43A;&#x432;&#x430;</subfield>
    <subfield code="c">&#x41D;&#x430;&#x443;&#x43A;&#x430;</subfield>
    <subfield code="d">1983</subfield>
  </datafield>
  <datafield tag="215" ind1=" " ind2=" ">
    <subfield code="a">185 &#x441;.</subfield>
    <subfield code="c">&#x438;&#x43B;.</subfield>
    <subfield code="d">26</subfield>
  </datafield>
  <datafield tag="300" ind1=" " ind2=" ">
    <subfield code="a">&#x41D;&#x430; &#x43E;&#x431;&#x43B;. &#x442;&#x43E;&#x43B;&#x44C;&#x43A;&#x43E; &#x437;&#x430;&#x433;&#x43B;. &#x442;&#x43E;&#x43C;&#x430;</subfield>
  </datafield>
  <datafield tag="320" ind1=" " ind2=" ">
    <subfield code="a">&#x411;&#x438;&#x431;&#x43B;&#x438;&#x43E;&#x433;&#x440;.: &#x441;. 165-166</subfield>
  </datafield>
  <datafield tag="461" ind1=" " ind2="0">
    <subfield code="1">001rc\3503945</subfield>
    <subfield code="1">2001#$a&#x411;&#x438;&#x43E;&#x43B;&#x43E;&#x433;&#x438;&#x447;&#x435;&#x441;&#x43A;&#x438;&#x435; &#x440;&#x435;&#x441;&#x443;&#x440;&#x441;&#x44B; &#x438; &#x43F;&#x440;&#x438;&#x440;&#x43E;&#x434;&#x43D;&#x44B;&#x435; &#x443;&#x441;&#x43B;&#x43E;&#x432;&#x438;&#x44F; &#x41C;&#x43E;&#x43D;&#x433;&#x43E;&#x43B;&#x44C;&#x441;&#x43A;&#x43E;&#x439; &#x41D;&#x430;&#x440;&#x43E;&#x434;&#x43D;&#x43E;&#x439; &#x420;&#x435;&#x441;&#x43F;&#x443;&#x431;&#x43B;&#x438;&#x43A;&#x438;$d&#x411;&#x443;&#x433;&#x434; &#x43D;&#x430;&#x439;&#x440;&#x430;&#x43C;&#x434;&#x430;&#x445; &#x41C;&#x43E;&#x43D;&#x433;&#x43E;&#x43B; &#x430;&#x440;&#x434; &#x443;&#x43B;&#x441;&#x44B;&#x43D; &#x431;&#x430;&#x439;&#x433;&#x430;&#x43B;&#x438;&#x439;&#x43D; &#x431;&#x430;&#x44F;&#x43B;&#x430;&#x433;$e[&#x421;&#x431;&#x43E;&#x440;&#x43D;&#x438;&#x43A; &#x441;&#x442;&#x430;&#x442;&#x435;&#x439;$f&#x420;&#x435;&#x434;. &#x43A;&#x43E;&#x43B;&#x43B;&#x435;&#x433;&#x438;&#x44F;: &#x415;.&#x41C;. &#x41B;&#x430;&#x432;&#x440;&#x435;&#x43D;&#x43A;&#x43E; (&#x433;&#x43B;. &#x440;&#x435;&#x434;.) &#x438; &#x434;&#x440;.]$g[&#x410;&#x41D; &#x421;&#x421;&#x421;&#x420;. &#x417;&#x43E;&#x43E;&#x43B;. &#x438;&#x43D;-&#x442;. &#x410;&#x41D; &#x41C;&#x41D;&#x420;. &#x418;&#x43D;-&#x442; &#x431;&#x438;&#x43E;&#x43B;&#x43E;&#x433;&#x438;&#x438;. &#x421;&#x43E;&#x432;&#x43C;&#x435;&#x441;&#x442;&#x43D;&#x430;&#x44F; &#x421;&#x43E;&#x432;.-&#x41C;&#x43E;&#x43D;&#x433;. &#x43A;&#x43E;&#x43C;&#x43F;&#x43B;&#x435;&#x43A;&#x441;&#x43D;&#x430;&#x44F; &#x431;&#x438;&#x43E;&#x43B;. &#x44D;&#x43A;&#x441;&#x43F;&#x435;&#x434;&#x438;&#x446;&#x438;&#x44F;]$v&#x422;. 20</subfield>
    <subfield code="9">6499110</subfield>
    <subfield code="c">&#x41B;&#x435;&#x43D;&#x438;&#x43D;&#x433;&#x440;&#x430;&#x434;</subfield>
    <subfield code="d">1972-</subfield>
    <subfield code="f">&#x420;&#x435;&#x434;. &#x43A;&#x43E;&#x43B;&#x43B;&#x435;&#x433;&#x438;&#x44F;: &#x415;.&#x41C;. &#x41B;&#x430;&#x432;&#x440;&#x435;&#x43D;&#x43A;&#x43E; (&#x433;&#x43B;. &#x440;&#x435;&#x434;.) &#x438; &#x434;&#x440;.]</subfield>
    <subfield code="l">&#x411;&#x443;&#x433;&#x434; &#x43D;&#x430;&#x439;&#x440;&#x430;&#x43C;&#x434;&#x430;&#x445; &#x41C;&#x43E;&#x43D;&#x433;&#x43E;&#x43B; &#x430;&#x440;&#x434; &#x443;&#x43B;&#x441;&#x44B;&#x43D; &#x431;&#x430;&#x439;&#x433;&#x430;&#x43B;&#x438;&#x439;&#x43D; &#x431;&#x430;&#x44F;&#x43B;&#x430;&#x433;</subfield>
    <subfield code="n">&#x41D;&#x430;&#x443;&#x43A;&#x430;. &#x41B;&#x435;&#x43D;&#x438;&#x43D;&#x433;&#x440;. &#x43E;&#x442;&#x434;-&#x43D;&#x438;&#x435;</subfield>
    <subfield code="o">[&#x421;&#x431;&#x43E;&#x440;&#x43D;&#x438;&#x43A; &#x441;&#x442;&#x430;&#x442;&#x435;&#x439;</subfield>
    <subfield code="t">&#x411;&#x438;&#x43E;&#x43B;&#x43E;&#x433;&#x438;&#x447;&#x435;&#x441;&#x43A;&#x438;&#x435; &#x440;&#x435;&#x441;&#x443;&#x440;&#x441;&#x44B; &#x438; &#x43F;&#x440;&#x438;&#x440;&#x43E;&#x434;&#x43D;&#x44B;&#x435; &#x443;&#x441;&#x43B;&#x43E;&#x432;&#x438;&#x44F; &#x41C;&#x43E;&#x43D;&#x433;&#x43E;&#x43B;&#x44C;&#x441;&#x43A;&#x43E;&#x439; &#x41D;&#x430;&#x440;&#x43E;&#x434;&#x43D;&#x43E;&#x439; &#x420;&#x435;&#x441;&#x43F;&#x443;&#x431;&#x43B;&#x438;&#x43A;&#x438;</subfield>
    <subfield code="y">5020265993</subfield>
    <subfield code="v">&#x422;. 20</subfield>
  </datafield>
  <datafield tag="532" ind1="1" ind2="2">
    <subfield code="a">&#x424;&#x43B;&#x43E;&#x440;&#x430; &#x412;&#x43E;&#x441;&#x442;&#x43E;&#x447;&#x43D;&#x43E;&#x433;&#x43E; &#x425;&#x430;&#x43D;&#x433;&#x430;&#x44F; &#x41C;&#x43E;&#x43D;&#x433;&#x43E;&#x43B;&#x44C;&#x441;&#x43A;&#x430;&#x44F; &#x41D;&#x430;&#x440;&#x43E;&#x434;&#x43D;&#x430;&#x44F; &#x420;&#x435;&#x441;&#x43F;&#x443;&#x431;&#x43B;&#x438;&#x43A;&#x430;</subfield>
  </datafield>
  <datafield tag="701" ind1=" " ind2="1">
    <subfield code="4">070</subfield>
    <subfield code="7">ca</subfield>
    <subfield code="8">rus</subfield>
    <subfield code="a">&#x413;&#x443;&#x431;&#x430;&#x43D;&#x43E;&#x432;</subfield>
    <subfield code="b">&#x418;. &#x410;.</subfield>
    <subfield code="f">1933-2005</subfield>
    <subfield code="g">&#x418;&#x432;&#x430;&#x43D; &#x410;&#x43B;&#x435;&#x43A;&#x441;&#x435;&#x435;&#x432;&#x438;&#x447;</subfield>
    <subfield code="9">138711</subfield>
    <subfield code="3">RU\NLR\AUTH\770138746</subfield>
  </datafield>
  <datafield tag="701" ind1=" " ind2="1">
    <subfield code="a">&#x413;&#x430;&#x43D;&#x431;&#x43E;&#x43B;&#x434;</subfield>
    <subfield code="b">&#x42D;.</subfield>
  </datafield>
  <datafield tag="701" ind1=" " ind2="1">
    <subfield code="a">&#x411;&#x44F;&#x437;&#x440;&#x43E;&#x432;</subfield>
    <subfield code="b">&#x41B;.</subfield>
    <subfield code="g">&#x41B;.&#x413;</subfield>
  </datafield>
  <datafield tag="702" ind1=" " ind2="1">
    <subfield code="a">&#x41B;&#x430;&#x432;&#x440;&#x435;&#x43D;&#x43A;&#x43E;</subfield>
    <subfield code="b">&#x415;.&#x41C;.</subfield>
    <subfield code="g">&#x415;&#x432;&#x433;&#x435;&#x43D;&#x438;&#x439; &#x41C;&#x438;&#x445;&#x430;&#x439;&#x43B;&#x43E;&#x432;&#x438;&#x447;</subfield>
    <subfield code="4">340</subfield>
  </datafield>
  <datafield tag="702" ind1=" " ind2="1">
    <subfield code="a">&#x421;&#x43A;&#x432;&#x43E;&#x440;&#x446;&#x43E;&#x432;</subfield>
    <subfield code="b">&#x410;.&#x41A;.</subfield>
    <subfield code="4">340</subfield>
  </datafield>
  <datafield tag="702" ind1=" " ind2="1">
    <subfield code="4">340</subfield>
    <subfield code="8">rus</subfield>
    <subfield code="7">ca</subfield>
    <subfield code="a">&#x421;&#x43E;&#x43A;&#x43E;&#x43B;&#x43E;&#x432;</subfield>
    <subfield code="b">&#x412;. &#x415;.</subfield>
    <subfield code="c">&#x434;-&#x440; &#x431;&#x438;&#x43E;&#x43B;. &#x43D;&#x430;&#x443;&#x43A;</subfield>
    <subfield code="f">1928-1998</subfield>
    <subfield code="g">&#x412;&#x43B;&#x430;&#x434;&#x438;&#x43C;&#x438;&#x440; &#x415;&#x432;&#x433;&#x435;&#x43D;&#x44C;&#x435;&#x432;&#x438;&#x447;</subfield>
    <subfield code="3">RU\NLR\AUTH\77146</subfield>
    <subfield code="9">110223</subfield>
  </datafield>
  <datafield tag="801" ind1=" " ind2="0">
    <subfield code="a">RU</subfield>
    <subfield code="b">NLR</subfield>
    <subfield code="g">psbo</subfield>
  </datafield>
  <datafield tag="801" ind1=" " ind2="1">
    <subfield code="a">RU</subfield>
    <subfield code="b">ELAR</subfield>
    <subfield code="2">rusmarc</subfield>
  </datafield>
  <datafield tag="852" ind1=" " ind2=" ">
    <subfield code="a">NLR</subfield>
    <subfield code="j">72-7/635</subfield>
  </datafield>
  <datafield tag="942" ind1=" " ind2=" ">
    <subfield code="c">BOOK</subfield>
  </datafield>
  <datafield tag="980" ind1=" " ind2=" ">
    <subfield code="a">NB</subfield>
  </datafield>
  <datafield tag="995" ind1=" " ind2=" ">
    <subfield code="5">2013-10-26</subfield>
    <subfield code="b">NLR01</subfield>
    <subfield code="c">NLR01</subfield>
    <subfield code="e">RF91</subfield>
    <subfield code="f">7677250-10</subfield>
    <subfield code="k">72-7/635</subfield>
    <subfield code="o">0</subfield>
    <subfield code="r">BOOK</subfield>
    <subfield code="s">727635_</subfield>
  </datafield>
</record>
